Statistics for FIFA Confederations

Click here to take the quiz!

General Stats

  • This quiz has been taken 22 times
  • The average score is 4 of 6

Answer Stats

Represented Regions Confederation % Correct
EuropeUEFA
95%
AfricaCAF
71%
North, Central America and CaribbeanCONCACAF
71%
AsiaAFC
62%
OceaniaOFC
57%
South AmericaCONMEBOL
52%

Score Distribution

Percentile by Number Answered

Percent of People with Each Score

Your Score History

You have not taken this quiz